Statistiche per Top 15 dei paesi con decessi Covid-19 - 18 maggio

Clicka qui per fare il quiz!

Statistiche generali

  • Questo quiz è stato fatto 2 volte
  • Il punteggio medio è 19 su 21

Statistiche sulle risposte

nazione% Corretto
Belgio
100%
Brasile
100%
Canada
100%
Cina
100%
Francia
100%
Germania
100%
Irlanda
100%
Italia
100%
Messico
100%
Portogallo
100%
Regno Unito
100%
Spagna
100%
Stati Uniti
100%
Svezia
100%
Svezia
100%
Svizzera
100%
Turchia
100%
Danimarca
50%
Iran
50%
Paesi Bassi
50%
Ecuador
0%

Distribuzione punteggi

Percentile per numero di risposta

Percentuale di utenti per punteggio

I tuoi punteggi nel tempo

Non hai fatto questo quiz